[Event "Tuapse Blitz op"]
[Site "Tuapse"]
[Date "2022.06.29"]
[Round "1"]
[White "Vastrukhin, Oleg"]
[Black "Balikoev, Omar"]
[Result "1-0"]
[WhiteElo "2367"]
[BlackElo "1661"]
[PlyCount "32"]
[EventDate "2022.06.29"]
[EventType "swiss (blitz)"]
[EventRounds "13"]
[EventCountry "RUS"]
[SourceTitle "CBM 209 Extra"]
[Source "ChessBase"]
[SourceDate "2022.09.30"]
[SourceVersion "1"]
[SourceVersionDate "2022.09.30"]
[SourceQuality "1"]

1. Nf3 d5 2. g3 Nf6 3. Bg2 Bf5 4. 0-0 e6 5. c4 c6 6. Qb3 Qb6 7. d3 Be7 8. Be3 Qc7 9. Nc3 Nbd7 10. Rac1 0-0 11. Nd4 Bg6 12. cxd5 exd5 13. Nxd5 Qd8 14. Nxe7+ Qxe7 15. Qxb7 Rab8 16. Nxc6 Ra8 1-0

[Event "Dvorkovich Memorial op"]
[Site "Taganrog"]
[Date "2017.01.20"]
[Round "8"]
[White "Chizho, Aleksandr"]
[Black "Balikoev, Omar"]
[Result "1/2-1/2"]
[WhiteElo "1991"]
[BlackElo "1738"]
[PlyCount "102"]
[EventDate "2017.01.13"]
[EventType "swiss"]
[EventRounds "9"]
[EventCountry "RUS"]
[SourceTitle "CBM 176 Extra"]
[Source "ChessBase"]
[SourceDate "2017.03.02"]
[SourceVersion "1"]
[SourceVersionDate "2017.03.02"]
[SourceQuality "1"]

1. d4 d5 2. c4 e6 3. Nc3 Nf6 4. Nf3 b6 5. e3 Bb7 6. Be2 Be7 7. 0-0 0-0 8. b3 Nbd7 9. Bb2 c5 10. Nd2 cxd4 11. exd4 Rc8 12. Rc1 Bd6 13. Nb5 Bb8 14. Ba3 Re8 15. Nd6 Bxd6 16. Bxd6 dxc4 17. Nxc4 b5 18. Ne5 Qb6 19. Ba3 a6 20. Nxd7 Nxd7 21. Qd2 Nf6 22. Bc5 Qd8 23. Qe3 Bd5 24. b4 Qd7 25. a4 Bc6 26. axb5 Bxb5 27. Ra1 Nd5 28. Qd2 Ra8 29. Rfd1 Bxe2 30. Qxe2 Nc3 31. Qd2 Nxd1 32. Qxd1 Qb5 33. Ra5 Qc6 34. Qe2 Qb7 35. f4 Qc6 36. h3 Reb8 37. Ra3 h6 38. Qg4 Kh7 39. Rg3 g6 40. Qh4 Qd7 41. Ra3 Rxb4 42. Bxb4 Qxd4+ 43. Kh2 Qxb4 44. Rd3 Kg7 45. Qg3 e5 46. Qf3 Rb8 47. Qe3 a5 48. Qxe5+ Kg8 49. Rd4 Qb5 50. Qxb5 Rxb5 51. Ra4 Rb3 1/2-1/2